000 00529nam a2200181Ia 4500
005 20250508150805.0
008 008 250505s9999 xx 000 0 eng d
037 _aTextual
040 _aFEDL
_beng
_cFEDL
041 _aeng
_2eng
084 _a684, HOO
_qFEDL
100 _aHooker Mary Williamson
_9757649
245 0 _aWooden furniture : Salesperson's manual and conumer's guide
260 _aNew York, USA
_bFairchild Publications
300 _a32p.
942 _cTEXL
_h684, HOO
999 _c1325682
_d1325682